• 首页
  • 本馆介绍
  • 公告通知
  • 最新文献
  • 馆藏检索
  • 电子资源
  • 读者导购
  • 参考咨询
  • 我的图书馆
  • 登录
  • 详细信息显示
  • 放入我的书架
  • 预约/预借图书
  • 作者相关作品
  • 分类相关作品
  • 丛书相关作品
  • 出版社相关作品

书目信息

  • 表格格式
  • 工作单格式
  • 卡片格式
题名:
邓小平理论与“三个代表”重要思想概论
    
 
作者: 王新农 主编
分册:  
出版信息: 天津   天津人民出版社  2003
页数: 362页
开本: 20cm
丛书名:
单 册:
中图分类: A849 , D261
科图分类:
主题词: 邓小平理论--高等学校--教材 , "三个代表"思想--高等学校--教材 , 中国共产党
电子资源:
ISBN: 7-201-04018-9
000 00731nam0 2200229 450
001 0753113544
005 20070714152605.35
010    @a7-201-04018-9@dCNY17.00
100    @a20070714d2003 km y0chiy0120 ea
101 0  @achi
102    @aCN@b120000
200 1  @a邓小平理论与“三个代表”重要思想概论@Adeng xiao ping li lun yu“san ge dai biao”zhong yao si xiang gai lun@f王新农主编@Fwang xin nong zhu bian
210    @a天津@c天津人民出版社@d2003@h2006
215    @a362页@d20cm
606 0  @a邓小平理论@x高等学校@x教材
606 0  @a"三个代表"思想@x高等学校@x教材
606 0  @a中国共产党
690    @aA849@v3
690    @aD261@v3
701  0 @a王新农@Awang xin nong@4主编
801  0 @aCN@bPFT@c20070714
905    @a10447@dA849@e51
    
    邓小平理论与“三个代表”重要思想概论/王新农主编.-天津:天津人民出版社,2003(2006)
    362页;20cm
    
    
    ISBN 7-201-04018-9:CNY17.00
    
●
相关链接 在E读中查询图书 在五车中查询图书 在当当中查询图书 在豆瓣中查询图书


正题名:邓小平理论与"三个代表"重要思想概论     索取号:A849/51         预约/预借

序号 登录号 条形码 馆藏地/架位号 状态 备注
1 0775463   207754633   第一样本阅览室/ [索取号:A849/51] 在馆    
唐山师范学院图书馆 欢迎您!
大连网信软件有限公司© 版权所有